| 000 | 01164nam a22003017a 4500 | ||
|---|---|---|---|
| 001 | BR8601247 | ||
| 003 | BR-BrBNA | ||
| 005 | 20230928092246.0 | ||
| 007 | ta | ||
| 008 | 230509b bl.||||| |||| 00| 0 por d | ||
| 040 |
_aBR-BrBNA _bpor _cBiblioteca Nacional de Agricultura |
||
| 041 | _a(Por) | ||
| 072 |
_aF04; P34 _b3240 _b3830 _b3530 |
||
| 090 | _ 3240 BR8601247 | ||
| 100 | 1 | _aSoares, I. | |
| 110 | 1 |
_aUniversidade Federal de Vicosa, MG (Brasil) _0Tese (Magister Scientiae) |
|
| 245 | 1 | _aNiveis de fosforo no desenvolvimento de ectomicorrizas por Pisolithus tinctorius (Pers.)Coker e Couch e no crescimento de mudas de eucalipto | |
| 246 | 1 | _aPhosphorus levels on the development of ectomycorrhizae by Pisolithus tinctorius (Pers.)Coker and Couch and on the growth of eucalipt seedlings | |
| 260 | 3 |
_aVicosa, MG (Brasil): _c1986. |
|
| 300 | _a51 p. | ||
| 500 | _a19 tables; Bibliography p. 38-44 (80 ref.); Summary (Por). (*) Documento disponível na(o) Universidade Federal de Vicosa, MG (Brazil) | ||
| 650 | _aEUCALIPTO | ||
| 650 | _aMUDA | ||
| 650 | _aMICORRIZA | ||
| 650 | _aFOSFORO | ||
| 909 |
_a202309 _bLucia _c55 _dLucia Elande |
||
| 942 | _cBK | ||
| 999 |
_c37961 _d37961 |
||